000 00336 a2200109 4500
001 ART_9978
005 20260410161839.0
008 260409a
245 1 0 _aEl nuevo régimen de admisión temporaria
100 1 _aFratalocchi, Aldo
773 0 _tContabilidad y administración
_g- Año 7, Nº 75 (set. 1983)
_wREV5485
999 _c23927
_d23927